| 000 | 00364cam a2200145ua 4500 | ||
|---|---|---|---|
| 003 | OSt | ||
| 008 | 250528b |||||||| |||| 00| 0 eng d | ||
| 041 | _aeng | ||
| 082 |
_a624.17 _bPOP/ME |
||
| 100 |
_aPopov, P . _97507 |
||
| 245 | _aMechanics of materials / | ||
| 260 |
_aNew Delhi : _bPrentice Hall of India Pvt Ltd. , _c1995. |
||
| 300 | _a441 ; . | ||
| 942 | _cBK | ||
| 999 |
_c9053 _d9053 |
||